Statistics for Avengers: Endgame Quiz (SPOILERS)

Click here to take the quiz!

General Stats

  • This quiz has been taken 45 times
  • The average score is 44 of 66

Answer Stats

ActorRole% Correct
Scarlett JohanssonNatasha Romanoff/Black Widow
100%
Chris EvansSteve Rogers/Captain America
100%
Chris HemsworthThor Odinson
100%
Robert Downey Jr.Tony Stark/Iron Man
100%
Mark RuffaloBruce Banner/Hulk
97%
Brie LarsonCarol Danvers/Captain Marvel
97%
Jeremy RennerClint Barton/Hawkeye/Ronin
97%
Paul RuddScott Lang/Ant-Man
97%
Benedict CumberbatchDoctor Strange
95%
Tom HollandPeter Parker/Spider-Man
95%
Bradley CooperRocket Raccoon
95%
Chadwick BosemanT'Challa/Black Panther
95%
Josh BrolinThanos
95%
Chris PrattPeter Quill/Star-Lord
92%
Elizabeth OlsenWanda Maximoff
92%
Sebastian StanBucky Barnes/The Winter Soldier
89%
Dave BautistaDrax the Destroyer
89%
Tom HiddlestonLoki Laufeyson
89%
Karen GillanNebula
89%
Gwyneth PaltrowPepper Potts/Rescue
89%
Anthony MackieSam Wilson/Falcon
89%
Vin DieselTeen Groot
89%
Don CheadleJames Rhodes/War Machine
87%
Benedict WongWong
87%
Zoe SaldanaGamora
84%
Evangeline LillyHope van Dyne/The Wasp
84%
Samuel L. JacksonNick Fury
84%
Pom KlementieffMantis
82%
Tessa ThompsonValkyrie
74%
Natalie PortmanJane Foster
71%
Jon FavreauHappy Hogan
68%
Taika WaititiKorg
68%
Letitia WrightShuri
66%
Hayley AtwellPeggy Carter
63%
Tom Vaughan-LawlorEbony Maw
61%
Michael DouglasHank Pym
61%
Michelle PfeifferJanet van Dyne
58%
Cobie SmuldersMaria Hill
58%
Jacob BatalonNed Leeds
58%
Carrie CoonProxima Midnight
58%
Tilda SwintonThe Ancient One
55%
Marisa TomeiAunt May Parker
53%
Sean GunnKraglin Obfonteri
53%
Danai GuriraOkoye
53%
Terry NotaryCull Obsidian
47%
John SlatteryHoward Stark
47%
Winston DukeM'Baku
47%
Emma FuhrmannCassie Lang
45%
Michael ShawCorvus Glaive
45%
James D'ArcyJarvis
45%
Lexi RabeMorgan Stark
45%
Angela BassettRamonda
45%
William HurtThunderbolt Ross
45%
Rene RussoFrigga
42%
Frank GrilloBrock Rumlow
39%
Ross MarquandRed Skull
39%
Robert RedfordAlexander Pierce
37%
Linda CardelliniLaura Barton
37%
Stan LeeCar Driver
32%
Ty SimpkinsHarley Keener
29%
Ava RussoLila Barton
26%
Maximiliano HernándezAgent Sitwell
24%
Ben SakamotoCooper Barton
24%
Stephen MurdochMiek
24%
Cade WoodwardNathaniel Barton
18%
Hiroyuki SanadaAkihiko
16%

Score Distribution

Percentile by Number Answered

Percent of People with Each Score

Your Score History

You have not taken this quiz